Équivoques; peintures françaises du XIXe siècle. [Exposition] Musée des arts décoratifs, 9 mars - 14 mai 1973]

Disimpan dalam:
Butiran Bibliografi
Pengarang Utama: Lépine, Olivier.
Pengarang-pengarang Korporat: Musée des arts décoratifs (France), Union centrale des arts décoratifs (Paris, France).
Format: Buku
Bahasa:French
Diterbitkan: [Paris, Union centrale des arts décoratifs, 1973]
Subjek-subjek:
Penanda-penanda: Tambah Penanda
Tiada Penanda, Jadilah orang pertama menanda rekod ini!
LEADER 00922cam a2200265 4500
001 005299107-5
005 20020606095253.2
008 731212s1973 fr a c 000 0 fre
010 |a  73177489 //r85 
015 |a F*** 
035 0 |a ocm00797256 
040 |a DLC  |c DLC  |d HFL 
043 |a e-fr--- 
050 0 |a ND547  |b .L42 
100 1 |a Lépine, Olivier. 
245 1 0 |a Équivoques; peintures françaises du XIXe siècle.  |b [Exposition] Musée des arts décoratifs, 9 mars - 14 mai 1973] 
260 |a [Paris,  |b Union centrale des arts décoratifs,  |c 1973] 
300 |a 1 v. (unpaged)  |b illus.  |c 21 cm. 
500 |a "Catalogue compilé et présenté par Olivier Lépine." 
650 0 |a Painting, French  |v Exhibitions. 
650 0 |a Painting, Modern  |y 19th century  |z France. 
710 2 |a Musée des arts décoratifs (France) 
710 2 |a Union centrale des arts décoratifs (Paris, France). 
988 |a 20020608 
906 |0 DLC